| 000 | 00563nam a22001937a 4500 | ||
|---|---|---|---|
| 003 | OSt | ||
| 005 | 20160426174721.0 | ||
| 008 | 160426b xxu||||| |||| 00| 0 eng d | ||
| 020 | _a1840148896 | ||
| 040 | _cDDC. | ||
| 082 | _a372ACH 2000. | ||
| 100 |
_aAchola,P.W.Paul; _98324 |
||
| 245 |
_aChallenges of Primary Education in Developing Countries. _bInsights From Kenya |
||
| 260 |
_aEngland. _bAshgate Publishing Ltd. _c2000. |
||
| 300 |
_axi,184p; _bill; _c24cm. |
||
| 504 | _aincludes references and index. | ||
| 650 |
_aEducation. _91404 |
||
| 942 |
_2ddc _cSLOAN |
||
| 999 |
_c3786 _d3786 |
||